<?xml version="1.0" encoding="UTF-8"?>
<record
    xmlns:xsi="http://www.w3.org/2001/XMLSchema-instance"
    xsi:schemaLocation="http://www.loc.gov/MARC21/slim http://www.loc.gov/standards/marcxml/schema/MARC21slim.xsd"
    xmlns="http://www.loc.gov/MARC21/slim">

  <leader>01138nam0a22002531  4500</leader>
  <controlfield tag="001">v19\rc\2021539</controlfield>
  <controlfield tag="005">20250620004720.0</controlfield>
  <datafield tag="035" ind1=" " ind2=" ">
    <subfield code="a">(NLR Aleph) 005101849</subfield>
  </datafield>
  <datafield tag="090" ind1=" " ind2=" ">
    <subfield code="a">7401026</subfield>
    <subfield code="c">7401026</subfield>
  </datafield>
  <datafield tag="100" ind1=" " ind2=" ">
    <subfield code="a">20080925d1916    |||y0rusy50      ca</subfield>
  </datafield>
  <datafield tag="101" ind1="0" ind2=" ">
    <subfield code="a">rus</subfield>
  </datafield>
  <datafield tag="102" ind1=" " ind2=" ">
    <subfield code="a">RU</subfield>
  </datafield>
  <datafield tag="105" ind1=" " ind2=" ">
    <subfield code="a">y   z   |||||</subfield>
  </datafield>
  <datafield tag="200" ind1="1" ind2=" ">
    <subfield code="a">&#x41E;&#x442;&#x447;&#x435;&#x442; &#x441;&#x43E; &#x434;&#x43D;&#x44F; &#x432;&#x43E;&#x437;&#x43D;&#x438;&#x43A;&#x43D;&#x43E;&#x432;&#x435;&#x43D;&#x438;&#x44F; &#x411;&#x440;&#x430;&#x442;&#x441;&#x442;&#x432;&#x430; &#x43F;&#x43E; 1 &#x44F;&#x43D;&#x432;&#x430;&#x440;&#x44F; 1915 &#x433;&#x43E;&#x434;&#x430;</subfield>
    <subfield code="f">... &#x411;&#x440;&#x430;&#x442;&#x441;&#x442;&#x432;&#x43E; &#x432; &#x447;&#x435;&#x441;&#x442;&#x44C; &#x438;&#x43A;&#x43E;&#x43D;&#x44B; &#x41A;&#x430;&#x437;&#x430;&#x43D;. &#x431;&#x43E;&#x436;&#x438;&#x44F; &#x43C;&#x430;&#x442;&#x435;&#x440;&#x438; &#x43F;&#x43E; &#x43F;&#x43E;&#x441;&#x442;&#x440;&#x43E;&#x439;&#x43A;&#x435; &#x425;&#x440;&#x430;&#x43C;&#x430; &#x432; &#x43C;&#x435;&#x441;&#x442;&#x43D;&#x43E;&#x441;&#x442;&#x438; "&#x41A;&#x43D;&#x44F;&#x436;&#x435;&#x441;&#x43A;&#x430;&#x44F; &#x434;&#x43E;&#x43B;&#x438;&#x43D;&#x430;" &#x431;&#x43B;&#x438;&#x437;. &#x441;&#x442;. &#x412;&#x44B;&#x440;&#x438;&#x446;&#x430;, &#x41C;&#x43E;&#x441;&#x43A;.-&#x412;&#x438;&#x43D;&#x434;&#x430;&#x432;&#x43E;-&#x420;&#x44B;&#x431;&#x438;&#x43D;. &#x436;. &#x434;., &#x426;&#x430;&#x440;&#x441;&#x43A;&#x43E;&#x441;&#x435;&#x43B;. &#x443;&#x435;&#x437;&#x434;&#x430;, &#x41F;&#x435;&#x442;&#x440;&#x43E;&#x433;&#x440;. &#x433;&#x443;&#x431;.</subfield>
  </datafield>
  <datafield tag="210" ind1=" " ind2=" ">
    <subfield code="a">&#x41F;&#x435;&#x442;&#x440;&#x43E;&#x433;&#x440;&#x430;&#x434;</subfield>
    <subfield code="d">1916</subfield>
  </datafield>
  <datafield tag="215" ind1=" " ind2=" ">
    <subfield code="a">58 &#x441;.</subfield>
  </datafield>
  <datafield tag="532" ind1="1" ind2="1">
    <subfield code="a">&#x41E;&#x442;&#x447;&#x435;&#x442; &#x441;&#x43E; &#x434;&#x43D;&#x44F; &#x432;&#x43E;&#x437;&#x43D;&#x438;&#x43A;&#x43D;&#x43E;&#x432;&#x435;&#x43D;&#x438;&#x44F; &#x411;&#x440;&#x430;&#x442;&#x441;&#x442;&#x432;&#x430; &#x43F;&#x43E; &#x43F;&#x435;&#x440;&#x432;&#x43E;&#x435; &#x44F;&#x43D;&#x432;&#x430;&#x440;&#x44F; 1915 &#x433;&#x43E;&#x434;&#x430;</subfield>
  </datafield>
  <datafield tag="710" ind1="0" ind2="2">
    <subfield code="a">&#x412;&#x44B;&#x440;&#x438;&#x446;&#x43A;&#x43E;&#x435; &#x41A;&#x430;&#x437;&#x430;&#x43D;&#x441;&#x43A;&#x43E;&#x435; &#x431;&#x440;&#x430;&#x442;&#x441;&#x442;&#x432;&#x43E;</subfield>
  </datafield>
  <datafield tag="801" ind1=" " ind2="0">
    <subfield code="a">RU</subfield>
    <subfield code="b">NLR</subfield>
    <subfield code="g">psbo</subfield>
  </datafield>
  <datafield tag="801" ind1=" " ind2="0">
    <subfield code="a">RU</subfield>
    <subfield code="b">RuMoRGB</subfield>
    <subfield code="2">psbo</subfield>
  </datafield>
  <datafield tag="801" ind1=" " ind2="1">
    <subfield code="a">RU</subfield>
    <subfield code="b">ProSoft-M</subfield>
    <subfield code="2">rusmarc</subfield>
  </datafield>
  <datafield tag="852" ind1=" " ind2=" ">
    <subfield code="a">NLR</subfield>
    <subfield code="j">17.140.2.30</subfield>
  </datafield>
  <datafield tag="942" ind1=" " ind2=" ">
    <subfield code="c">BOOK</subfield>
  </datafield>
  <datafield tag="980" ind1=" " ind2=" ">
    <subfield code="a">NB</subfield>
  </datafield>
  <datafield tag="995" ind1=" " ind2=" ">
    <subfield code="5">2013-10-26</subfield>
    <subfield code="b">NLR02</subfield>
    <subfield code="c">NLR02</subfield>
    <subfield code="e">RFS</subfield>
    <subfield code="f">1-3858552</subfield>
    <subfield code="k">17.140.2.30</subfield>
    <subfield code="o">0</subfield>
    <subfield code="r">BOOK</subfield>
    <subfield code="s">17140230_</subfield>
  </datafield>
</record>
